|
|
|
|
| LEADER |
00000cam a2200000 a 4500 |
| 001 |
vtls008546281 |
| 003 |
SK-MaSNL |
| 005 |
20260301021436.0 |
| 008 |
240313s1989 xr l d p 001 0 cze |
| 020 |
|
|
|a 8004229379
|q (brož.)
|
| 035 |
|
|
|a SAVUKc135723
|
| 040 |
|
|
|a SNK
|b slo
|c SNK
|e AACR2
|
| 041 |
0 |
|
|a cze
|
| 044 |
|
|
|a xr
|c CZ
|
| 072 |
|
7 |
|a 81
|x Lingvistika. Jazyky
|2 konspekt
|
| 080 |
|
|
|a (075.8)
|2 2001
|
| 080 |
|
|
|a 81'1
|2 2001
|
| 100 |
1 |
|
|a Palek, Bohumil,
|d 1936-
|4 aut
|9 92463
|
| 245 |
1 |
0 |
|a Základy obecné jazykovědy
|c Bohumil Palek
|
| 250 |
|
|
|a 1. vyd.
|
| 260 |
|
|
|a Praha
|b Státní pedagogické nakladatelství
|c 1989
|
| 300 |
|
|
|a 285 s.
|b sch., tab.
|c 20 cm
|
| 366 |
|
|
|e 3000 výt.
|
| 490 |
1 |
|
|a Učebnice pro vysoké školy
|
| 504 |
|
|
|a Bibliogr. s. 269-275. Men. a vec. reg.
|
| 521 |
|
|
|a Pre študentov filozofických fakúlt
|
| 650 |
0 |
7 |
|a lingvistika
|2 SNKPH
|9 860
|
| 655 |
|
7 |
|a učebnice vysokých škôl
|2 SNKPH
|9 70191
|
| 830 |
|
0 |
|a Učebnice pro vysoké školy
|9 286150
|
| 919 |
|
|
|a 80-04-22937-9
|
| 958 |
|
|
|a OND
|
| 999 |
|
|
|c 565356
|d 567286
|
| 952 |
|
|
|a SNK
|b SNK
|y VYP
|7 0
|p 17A0565512
|o snkID 89542
|i snkKIP 11341/89
|0 0
|1 0
|4 0
|d 2008-02-12
|l 0
|r 2026-02-23 13:56:00
|w 2026-02-23
|